Kedaulatan raja-raja Melayu : jurispruden, goverman & prinsip Pelembagaan Persekutuan

Main Author: Wan Ahmad Fauzi Wan Husain (Author)
Language:Malay
Published: Selangor: Abad Sinergi, 2018.
Subjects:
LEADER 00943cam a2200253 7i4500
001 0000130350
005 20180402090000.0
008 180318s2018 my a x 0 may
040 # # |a PNM 
090 0 0 |a JQ 1062 .A58   |b W3 2018 
100 0 # |a Wan Ahmad Fauzi Wan Husain   |e author  
245 1 0 |a Kedaulatan raja-raja Melayu :   |b jurispruden, goverman & prinsip Pelembagaan Persekutuan   |c Wan Ahmad Fauzi Wan Husain. 
264 # 1 |a Selangor:   |b Abad Sinergi,   |c 2018. 
264 # 4 |c ♭ 2018. 
300 # # |a xxxii, 356 pages:   |b colour, iIlustrations;   |c 22 cm.. 
336 # # |a text  |2 rdacontent 
337 # # |a unmediated  |2 rdamedia 
338 # # |a volume  |2 rdacarrier 
590 # # |a Perpustakaan Sultanah Nur Zahirah 
650 0 0 |a Monarchy --   |z Malaysia  
650 0 0 |a Constitutions --   |z Malaysia  
651 0 0 |a Malaysia --   |x Politics and government  
999 |a 1100101996  |b Book  |c Open Shelf  |e KOLEKSI TERBUKA 
999 |a 1100101995  |b Book  |c Open Shelf  |e KOLEKSI TERBUKA